000 01745nam0a2200373 4500
001 RU\NLR\bibl\729585
005 20260408174415.0
010 _a5-94837-006-2
_93000
021 _aRU
_b2004-55092
_92709
035 _aRSL-KNO-002466821
035 _a(NLR Aleph) 000719561
090 _a694363
_c694363
100 _a20040913d2004 |||y0rusy50 ca
101 0 _arus
102 _aRU
105 _aa |||||||||
106 _ar
200 1 _aЭнциклопедия материалов
_fучеб.-метод. центр образоват. программы "Мой выбор"
_g[Кишенкова О.В. и др.]
205 _a[переизд.]
210 _aМ.
_cИжица
_d2004
_gАООТ Твер. полигр. комб.
215 _a159,[1] с.
_d26
320 _aБиблиогр. в прил.: с. 158-159 и в конце гл.
606 1 _aОбществоведение
_jМетодические пособия
_xПреподавание
_xСредняя школа
_92161623
_3RU\NLR\AUTH\661300866
606 _aГраждановедение
_xИзучение в школе
_jМетодические пособия
_3RU\NLR\auth\66824740
_91825171
686 1 _aЧ426.41-215
702 1 _4220
_7ca
_8rus
_aКишенкова
_bО. В.
_cканд. ист. наук
_gОльга Викторовна
_9194519
_3RU\NLR\AUTH\770194570
712 0 2 _4570
_a"Мой выбор", всероссийская образовательная программа
_bУчебно-методический центр
_3RU\NLR\AUTH\8810057494
_9615934
801 0 _aRU
_bRuMoRKP
_c20040913
_grcr
801 1 _aRU
_bRuMoRGB
_c20040913
801 2 _aRU
_bNLR
_c20050226
_gPSBO
942 _cBOOK
980 _aNB